| 000 | 01235cam a2200325 i 4500 | ||
|---|---|---|---|
| 999 |
_c28439 _d28410 |
||
| 001 | 18757013 | ||
| 003 | EG-ScBUE | ||
| 005 | 20200805111614.0 | ||
| 008 | 150824s2016 nyua f 001 0 eng d | ||
| 020 | _a9781580934473 (paperback) | ||
| 040 |
_aDLC _beng _erda _cDLC _dDLC _dEG-ScBUE |
||
| 082 | 0 | 4 |
_a741.6 _bHOU _222 |
| 100 | 1 |
_aHouston, Greg, _d1966- _eauthor. |
|
| 245 | 1 | 0 |
_aIllustration that works : _bprofessional techniques for artistic & commercial success / _cGreg Houston. |
| 246 | 1 | 4 |
_aIllustration that works : _bprofessional techniques for artistic and commercial success |
| 250 | _aFirst edition. | ||
| 264 | 1 |
_aNew York : _bMonacelli Studio, _c2016. |
|
| 300 |
_a208 pages : _billustrations (some color) ; _c25 cm |
||
| 336 |
_atext _2rdacontent _btxt |
||
| 337 |
_aunmediated _2rdamedia _bn |
||
| 338 |
_avolume _2rdacarrier _bnc |
||
| 500 | _aIncludes index. | ||
| 650 | 7 |
_aCommercial art _xTechnique. _2BUEsh |
|
| 650 | 7 |
_aCommercial art _xVocational guidance. _2BUEsh |
|
| 653 |
_bCOMAME _cJuly2020 |
||
| 655 |
_vReading book _934232 |
||
| 906 |
_a7 _bcbc _corignew _d1 _eecip _f20 _gy-gencatlg |
||
| 942 |
_2ddc _cBB |
||